Desde el balcón de las palabras / (Record no. 189366)

MARC details
000 -LEADER
campo de control de longitud fija 00522nam a2200169 i 4500
001 - NÚMERO DE CONTROL
campo de control 189366
003 - IDENTIFICADOR DE NÚMERO DE CONTROL
campo de control ES-MaACL
005 - FECHA Y HORA DE LA ÚLTIMA TRANSACCIÓN
campo de control 20230906223446.0
008 - DATOS DE LONGITUD FIJA--INFORMACIÓN GENERAL
campo de control de longitud fija 190527s2018 ec |||| | spa d
020 ## - NÚMERO INTERNACIONAL ESTÁNDAR DEL LIBRO
Número Internacional Estándar del Libro 978-9942-30-912-9
100 1# - ENTRADA PRINCIPAL--NOMBRE DE PERSONA
Nombre de persona Pesántez, Ximena.
9 (RLIN) 167124
245 10 - MENCIÓN DEL TÍTULO
Título Desde el balcón de las palabras /
Mención de responsabilidad, etc. Ximena Pesántez.
250 ## - MENCION DE EDICION
Mención de edición 1ª ed.
260 ## - PUBLICACIÓN, DISTRIBUCIÓN, ETC.
Lugar de publicación, distribución, etc. [Ecuador :
Nombre del editor, distribuidor, etc. Ximena Pesántez],
Fecha de publicación, distribución, etc. 2018.
300 ## - DESCRIPCIÓN FÍSICA
Extensión 118 p. ;
Dimensiones 18 x 11 cm.
852 ## - LOCALIZACIÓN
Ubicación ES-MaACL
Número de control de estantería L-32364
Nota libre . - Dedicatoria autógrafa de la autora
Holdings
Estatus retirado Estado de pérdida Estado de daño No para préstamo Biblioteca de origen Biblioteca actual Ubicación en estantería Fecha de adquisición Fuente de adquisición Total de préstamos Signatura topográfica completa Código de barras Visto por última vez Precio de reemplazo Tipo de ítem Koha
        Biblioteca del Ateneo de Madrid Biblioteca del Ateneo de Madrid Depósito 2 27/05/2019     L-32364 1200634 23/02/2023 23/02/2023 Libro impreso